000 00441nam a2200193Ia 4500
003 0100
008 130227s9999 xx 000 0 und d
040 _cARRUPELIB
050 _aBS680.H4S4913
100 _aSeybold, Klaus
245 _aSickness and healing
260 _aNashville
260 _bAbingdon
260 _C1981
300 _a205p.
300 _b 22cm.
650 _bGreat Briton- history- 20th century
942 _2lcc
_01
999 _c2736
_d2736